Design and Analysis of Algorithms /

All aspects pertaining to algorithm design and algorithm analysis have been discussed over the chapters in this book-- Design and Analysis of Algorithms.

Bibliographic Details
Main Authors: Dave, Parag (Author), Dave, Himanshu (Author)
Corporate Author: Safari, an O'Reilly Media Company
Format: eBook
Language:English
Published: Pearson India, 2007.
Edition:1st edition.
Subjects:
Online Access:Connect to this electronic resource

MARC

Tag First Indicator Second Indicator Subfields
LEADER 00000uam a2200000 a 4500
001 in00004100266
005 20260128182650.1
006 m o d
007 cr cn
008 160813s2007 xx o eng
020 |z 9788177585957 
020 |z 8177585959 
035 |a (CaSebORM)9788177585957 
040 |d UtOrBLW 
041 0 |a eng 
100 1 |a Dave, Parag,  |e author. 
245 1 0 |a Design and Analysis of Algorithms /  |c Dave, Parag. 
250 |a 1st edition. 
264 1 |b Pearson India,  |c 2007. 
300 |a 1 online resource (832 pages) 
336 |a text  |b txt  |2 rdacontent 
337 |a computer  |b c  |2 rdamedia 
338 |a online resource  |b cr  |2 rdacarrier 
347 |a text file 
520 |a All aspects pertaining to algorithm design and algorithm analysis have been discussed over the chapters in this book-- Design and Analysis of Algorithms.  
533 |a Electronic reproduction.  |b Boston, MA :  |c Safari,  |n Available via World Wide Web. 
538 |a Mode of access: World Wide Web. 
542 |f Copyright © 
588 |a Online resource; Title from title page (viewed September 19, 2007) 
500 |a Electronic resource. 
655 7 |a Electronic books.  |2 local 
700 1 |a Dave, Himanshu,  |e author. 
710 2 |a Safari, an O'Reilly Media Company. 
856 4 0 |u https://proxy.library.tamu.edu/login?url=https://go.oreilly.com/TAMU/library/view/-/9788177585957/?ar  |z Connect to this electronic resource  |t 0 
999 f f |s ae12f9c9-8fbc-32ad-8df1-fa728ae3d92e  |i a42317a5-c973-3a1e-830e-8697f3909226  |t 0 
952 f f |a Texas A&M University  |b College Station  |c Electronic Resources  |s www_evans  |d Available Online  |t 0  |h No information provided 
998 f f |t 0  |l Available Online